[Event "Grand Swiss - Femmes"]
[Date "2025.09.04"]
[White "Osmak, Yuliia"]
[Black "Vantika Agrawal"]
[WhiteElo "2478"]
[BlackElo "2381"]
[Round "1.1.7"]
[Result "0-1"]

1. d4 {[%clk 01:30:56] [%emt 00:00:04]} Nf6 {[%clk 01:30:17] [%emt 00:00:43]} 2.
c4 {[%clk 01:31:19] [%emt 00:00:07]} e6 {[%clk 01:30:40] [%emt 00:00:07]} 3. Nc3
{[%clk 01:31:44] [%emt 00:00:05]} Bb4 {[%clk 01:30:46] [%emt 00:00:24]} 4. e3
{[%clk 01:32:07] [%emt 00:00:06]} c5 {[%clk 01:29:45] [%emt 00:01:31]} 5. Bd3
{[%clk 01:30:23] [%emt 00:02:15]} Nc6 {[%clk 01:27:32] [%emt 00:02:43]} 6. Nge2
{[%clk 01:26:30] [%emt 00:04:22]} cxd4 {[%clk 01:26:28] [%emt 00:01:33]} 7. exd4
{[%clk 01:26:52] [%emt 00:00:08]} d5 {[%clk 01:26:07] [%emt 00:00:52]} 8. Bg5
{[%clk 01:23:25] [%emt 00:03:57]} dxc4 {[%clk 01:19:50] [%emt 00:06:47]} 9. Bxc4
{[%clk 01:23:43] [%emt 00:00:13]} Be7 {[%clk 01:08:53] [%emt 00:11:28]} 10. O-O
{[%clk 01:23:43] [%emt 00:00:29]} O-O {[%clk 01:02:24] [%emt 00:06:59]} 11. a3
{[%clk 01:21:53] [%emt 00:02:20]} h6 {[%clk 00:57:13] [%emt 00:05:41]} 12. Bh4
{[%clk 01:16:21] [%emt 00:06:02]} a6 {[%clk 00:46:19] [%emt 00:11:24]} 13. Ba2
{[%clk 01:13:45] [%emt 00:03:06]} b5 {[%clk 00:37:27] [%emt 00:09:23]} 14. Qd3
{[%clk 01:06:03] [%emt 00:08:11]} Ne5 {[%clk 00:31:15] [%emt 00:06:42]} 15. Qc2
{[%clk 01:03:42] [%emt 00:02:48]} Ng6 {[%clk 00:28:45] [%emt 00:03:03]} 16. Bg3
{[%clk 01:02:46] [%emt 00:01:26]} Qd7 {[%clk 00:26:46] [%emt 00:02:29]} 17. Rad1
{[%clk 00:57:47] [%emt 00:05:30]} Bb7 {[%clk 00:25:39] [%emt 00:01:37]} 18. Bb1
{[%clk 00:53:40] [%emt 00:04:37]} Rac8 {[%clk 00:19:39] [%emt 00:06:29]} 19. Qd2
{[%clk 00:52:53] [%emt 00:01:16]} Nd5 {[%clk 00:17:12] [%emt 00:02:57]} 20. Bxg6
{[%clk 00:33:34] [%emt 00:19:49]} fxg6 {[%clk 00:17:28] [%emt 00:00:14]} 21. Be5
{[%clk 00:31:56] [%emt 00:02:09]} Nxc3 {[%clk 00:15:18] [%emt 00:02:40]} 22.
Nxc3 {[%clk 00:31:33] [%emt 00:00:52]} b4 {[%clk 00:15:04] [%emt 00:00:45]} 23.
axb4 {[%clk 00:31:16] [%emt 00:00:47]} Bxb4 {[%clk 00:15:12] [%emt 00:00:22]}
24. Qd3 {[%clk 00:30:23] [%emt 00:01:23]} g5 {[%clk 00:14:45] [%emt 00:00:57]}
25. f3 {[%clk 00:27:52] [%emt 00:03:01]} a5 {[%clk 00:12:55] [%emt 00:02:20]}
26. Na2 {[%clk 00:15:19] [%emt 00:13:03]} Bd5 {[%clk 00:09:57] [%emt 00:03:28]}
27. Qb1 {[%clk 00:14:32] [%emt 00:01:16]} Bb3 {[%clk 00:06:22] [%emt 00:04:05]}
28. Rc1 {[%clk 00:14:18] [%emt 00:00:45]} Bd6 {[%clk 00:05:41] [%emt 00:01:11]}
29. Nc3 {[%clk 00:08:45] [%emt 00:06:03]} Bxe5 {[%clk 00:05:51] [%emt 00:00:20]}
30. dxe5 {[%clk 00:09:12] [%emt 00:00:02]} Qd4+ {[%clk 00:06:13] [%emt
00:00:09]} 31. Kh1 {[%clk 00:09:08] [%emt 00:00:34]} Qxe5 {[%clk 00:06:31] [%emt
00:00:12]} 32. Rce1 {[%clk 00:08:19] [%emt 00:01:18]} Qf5 {[%clk 00:06:02] [%emt
00:00:59]} 33. Re4 {[%clk 00:07:13] [%emt 00:01:37]} Rc4 {[%clk 00:04:02] [%emt
00:02:30]} 34. Rfe1 {[%clk 00:03:19] [%emt 00:04:25]} Rxe4 {[%clk 00:04:07]
[%emt 00:00:24]} 35. Rxe4 {[%clk 00:02:45] [%emt 00:01:04]} g4 {[%clk 00:01:43]
[%emt 00:02:55]} 36. Rxg4 {[%clk 00:01:07] [%emt 00:02:08]} Qxb1+ {[%clk
00:01:53] [%emt 00:00:20]} 37. Nxb1 {[%clk 00:01:35] [%emt 00:00:01]} Rd8 {[%clk
00:02:10] [%emt 00:00:12]} 38. Nc3 {[%clk 00:01:57] [%emt 00:00:09]} Rd2 {[%clk
00:02:15] [%emt 00:00:24]} 39. h4 {[%clk 00:01:42] [%emt 00:00:46]} Rxb2 {[%clk
00:02:11] [%emt 00:00:34]} 40. Rd4 {[%clk 00:01:18] [%emt 00:00:55]} Rc2 {[%clk
00:01:38] [%emt 00:01:02]} 41. Nb5 {[%clk 00:00:36] [%emt 00:01:12]} a4 {[%clk
00:27:25] [%emt 00:04:43]} 42. Kh2 {[%clk 00:29:34] [%emt 00:01:32]} Rc4 {[%clk
00:19:04] [%emt 00:08:50]} 43. Rd8+ {[%clk 00:29:25] [%emt 00:00:41]} Kh7 {[%clk
00:17:47] [%emt 00:01:46]} 44. Kg3 {[%clk 00:28:47] [%emt 00:01:08]} Rb4 {[%clk
00:13:27] [%emt 00:04:51]} 45. Na3 {[%clk 00:27:45] [%emt 00:01:32]} Bd5 {[%clk
00:13:08] [%emt 00:00:49]} 46. Rd7 {[%clk 00:22:27] [%emt 00:05:48]} Rb7 {[%clk
00:08:56] [%emt 00:04:40]} 47. Rd6 {[%clk 00:22:18] [%emt 00:00:41]} Rb3 {[%clk
00:08:58] [%emt 00:00:27]} 48. Nc2 {[%clk 00:22:44] [%emt 00:00:04]} Rb2 {[%clk
00:06:53] [%emt 00:02:35]} 49. Na3 {[%clk 00:22:29] [%emt 00:00:46]} Ra2 {[%clk
00:05:37] [%emt 00:01:46]} 50. Nb5 {[%clk 00:22:08] [%emt 00:00:52]} Bc4 {[%clk
00:04:39] [%emt 00:01:28]} 51. Nc3 {[%clk 00:22:18] [%emt 00:00:20]} Ra3 {[%clk
00:04:57] [%emt 00:00:12]} 52. Nb1 {[%clk 00:21:17] [%emt 00:01:31]} Rb3 {[%clk
00:04:03] [%emt 00:01:23]} 53. Rd4 {[%clk 00:16:48] [%emt 00:04:59]} Bb5 {[%clk
00:02:08] [%emt 00:02:24]} 54. Nd2 {[%clk 00:16:53] [%emt 00:00:27]} Rb2 {[%clk
00:02:13] [%emt 00:00:25]} 55. Rd8 {[%clk 00:15:35] [%emt 00:01:48]} a3 {[%clk
00:02:31] [%emt 00:00:13]} 56. Ne4 {[%clk 00:15:57] [%emt 00:00:08]} a2 {[%clk
00:02:01] [%emt 00:00:59]} 57. Ra8 {[%clk 00:16:20] [%emt 00:00:06]} Bc4 {[%clk
00:02:06] [%emt 00:00:25]} 58. Ra7 {[%clk 00:12:52] [%emt 00:03:59]} Rb1 {[%clk
00:00:59] [%emt 00:01:37]} 59. Nf6+ {[%clk 00:12:54] [%emt 00:00:28]} Kg6 {[%clk
00:01:21] [%emt 00:00:08]} 60. Ng4 {[%clk 00:12:53] [%emt 00:00:30]} Bd5 {[%clk
00:01:09] [%emt 00:00:43]} 61. h5+ {[%clk 00:12:32] [%emt 00:00:51]} Kxh5 {[%clk
00:01:10] [%emt 00:00:29]} 62. Rxg7 {[%clk 00:11:28] [%emt 00:01:34]} a1=Q
{[%clk 00:01:28] [%emt 00:00:12]} 63. Rg8 {[%clk 00:11:42] [%emt 00:00:16]} Bxf3
{[%clk 00:00:50] [%emt 00:01:09]} 64. gxf3 {[%clk 00:09:29] [%emt 00:02:42]}
Rg1+ {[%clk 00:01:16] [%emt 00:00:04]} 65. Kh2 {[%clk 00:09:37] [%emt 00:00:22]}
Kh4 {[%clk 00:01:26] [%emt 00:00:20]} 0-1

[Site "Europe Echecs"]

[Event "Grand Swiss - Femmes"]
[Date "2025.09.04"]
[White "Kamalidenova, Meruert"]
[Black "Shukhman, Anna"]
[WhiteElo "2349"]
[BlackElo "2420"]
[Round "1.1.18"]
[Result "1-0"]

1. e4 {[%clk 01:30:56] [%emt 00:00:02]} c5 {[%clk 01:30:56] [%emt 00:00:04]} 2.
Nf3 {[%clk 01:31:21] [%emt 00:00:05]} d6 {[%clk 01:31:22] [%emt 00:00:04]} 3. d4
{[%clk 01:31:46] [%emt 00:00:05]} cxd4 {[%clk 01:31:50] [%emt 00:00:02]} 4. Nxd4
{[%clk 01:32:11] [%emt 00:00:06]} Nf6 {[%clk 01:32:16] [%emt 00:00:04]} 5. Nc3
{[%clk 01:32:36] [%emt 00:00:05]} a6 {[%clk 01:32:44] [%emt 00:00:02]} 6. f4
{[%clk 01:32:13] [%emt 00:00:53]} g6 {[%clk 01:32:56] [%emt 00:00:18]} 7. e5
{[%clk 01:31:47] [%emt 00:00:57]} dxe5 {[%clk 01:33:21] [%emt 00:00:04]} 8. fxe5
{[%clk 01:32:12] [%emt 00:00:05]} Nd5 {[%clk 01:33:33] [%emt 00:00:18]} 9. Qf3
{[%clk 01:25:31] [%emt 00:07:11]} Nxc3 {[%clk 01:33:59] [%emt 00:00:05]} 10.
Qxc3 {[%clk 01:25:20] [%emt 00:00:40]} Bg7 {[%clk 01:34:22] [%emt 00:00:07]} 11.
Bf4 {[%clk 01:23:10] [%emt 00:02:39]} O-O {[%clk 01:34:41] [%emt 00:00:12]} 12.
O-O-O {[%clk 01:20:46] [%emt 00:02:54]} Qb6 {[%clk 01:35:06] [%emt 00:00:05]}
13. Be2 {[%clk 01:17:51] [%emt 00:03:25]} Bd7 {[%clk 01:32:52] [%emt 00:02:43]}
14. Bf3 {[%clk 01:14:05] [%emt 00:04:17]} Rc8 {[%clk 01:33:05] [%emt 00:00:17]}
15. Qb3 {[%clk 01:10:48] [%emt 00:03:46]} Qxb3 {[%clk 01:33:24] [%emt 00:00:11]}
16. axb3 {[%clk 01:10:22] [%emt 00:00:56]} Nc6 {[%clk 01:32:12] [%emt 00:01:42]}
17. Rhe1 {[%clk 01:07:45] [%emt 00:03:07]} Be8 {[%clk 01:28:31] [%emt 00:04:11]}
18. Nxc6 {[%clk 01:04:59] [%emt 00:03:17]} bxc6 {[%clk 01:28:58] [%emt
00:00:03]} 19. e6 {[%clk 01:03:06] [%emt 00:02:23]} Bf6 {[%clk 01:02:55] [%emt
00:26:33]} 20. exf7+ {[%clk 00:57:47] [%emt 00:05:49]} Bxf7 {[%clk 01:02:38]
[%emt 00:00:47]} 21. Rd7 {[%clk 00:54:11] [%emt 00:04:06]} a5 {[%clk 01:00:47]
[%emt 00:02:21]} 22. Be5 {[%clk 00:51:04] [%emt 00:03:37]} Bg5+ {[%clk 00:46:03]
[%emt 00:15:14]} 23. Kb1 {[%clk 00:51:02] [%emt 00:00:32]} a4 {[%clk 00:46:31]
[%emt 00:00:03]} 24. bxa4 {[%clk 00:49:51] [%emt 00:01:41]} Rxa4 {[%clk
00:46:56] [%emt 00:00:04]} 25. b3 {[%clk 00:49:35] [%emt 00:00:46]} Raa8 {[%clk
00:42:20] [%emt 00:05:07]} 26. g3 {[%clk 00:45:07] [%emt 00:04:57]} Be6 {[%clk
00:39:13] [%emt 00:03:37]} 27. Rb7 {[%clk 00:41:52] [%emt 00:03:46]} Rd8 {[%clk
00:11:00] [%emt 00:28:43]} 28. h4 {[%clk 00:32:39] [%emt 00:09:42]} Bd2 {[%clk
00:07:38] [%emt 00:03:52]} 29. Rd1 {[%clk 00:32:09] [%emt 00:00:59]} Kf7 {[%clk
00:06:57] [%emt 00:01:11]} 30. Rf1 {[%clk 00:27:52] [%emt 00:04:48]} Ra5 {[%clk
00:02:41] [%emt 00:04:46]} 31. Bd5+ {[%clk 00:24:36] [%emt 00:03:45]} Ke8 {[%clk
00:03:08] [%emt 00:00:03]} 32. Bxc6+ {[%clk 00:23:40] [%emt 00:01:27]} Bd7
{[%clk 00:03:35] [%emt 00:00:02]} 33. Rxd7 {[%clk 00:23:32] [%emt 00:00:38]}
Rxd7 {[%clk 00:03:57] [%emt 00:00:08]} 34. Rd1 {[%clk 00:23:24] [%emt 00:00:37]}
Rad5 {[%clk 00:01:23] [%emt 00:03:05]} 35. Bc3 {[%clk 00:23:09] [%emt 00:00:45]}
Kd8 {[%clk 00:01:13] [%emt 00:00:41]} 36. Bxd7 {[%clk 00:23:31] [%emt 00:00:08]}
1-0

[Site "Europe Echecs"]

[Event "Grand Swiss - Femmes"]
[Date "2025.09.05"]
[White "Kulon, Klaudia"]
[Black "Song, Yuxin"]
[WhiteElo "2361"]
[BlackElo "2409"]
[Round "2.2.16"]
[Result "0-1"]

1. d4 {[%clk 01:30:57] [%emt 00:00:02]} Nf6 {[%clk 01:30:54] [%emt 00:00:06]} 2.
c4 {[%clk 01:31:18] [%emt 00:00:09]} e6 {[%clk 01:31:17] [%emt 00:00:07]} 3. Nf3
{[%clk 01:31:38] [%emt 00:00:10]} d5 {[%clk 01:26:03] [%emt 00:05:44]} 4. Nc3
{[%clk 01:31:51] [%emt 00:00:17]} dxc4 {[%clk 01:23:43] [%emt 00:02:50]} 5. e4
{[%clk 01:31:58] [%emt 00:00:23]} b5 {[%clk 01:23:44] [%emt 00:00:29]} 6. e5
{[%clk 01:28:33] [%emt 00:03:55]} Nd5 {[%clk 01:24:06] [%emt 00:00:08]} 7. Nxb5
{[%clk 01:28:24] [%emt 00:00:39]} Nb6 {[%clk 01:24:28] [%emt 00:00:08]} 8. Be2
{[%clk 01:23:33] [%emt 00:05:22]} Be7 {[%clk 01:24:50] [%emt 00:00:07]} 9. O-O
{[%clk 01:22:55] [%emt 00:01:08]} Nc6 {[%clk 01:25:15] [%emt 00:00:05]} 10. Be3
{[%clk 01:17:26] [%emt 00:06:00]} O-O {[%clk 01:25:35] [%emt 00:00:10]} 11. Qc1
{[%clk 01:15:14] [%emt 00:02:42]} Rb8 {[%clk 01:10:07] [%emt 00:15:58]} 12. Na3
{[%clk 01:09:49] [%emt 00:05:55]} Bxa3 {[%clk 01:06:40] [%emt 00:03:57]} 13.
bxa3 {[%clk 01:10:15] [%emt 00:00:05]} Bb7 {[%clk 01:06:04] [%emt 00:01:05]} 14.
Rd1 {[%clk 01:07:24] [%emt 00:03:21]} Qd5 {[%clk 00:59:15] [%emt 00:07:19]} 15.
Bg5 {[%clk 00:59:57] [%emt 00:07:57]} h6 {[%clk 00:51:06] [%emt 00:08:39]} 16.
Bh4 {[%clk 00:56:54] [%emt 00:03:33]} Rfe8 {[%clk 00:50:02] [%emt 00:01:34]} 17.
Rb1 {[%clk 00:54:52] [%emt 00:02:33]} Ne7 {[%clk 00:47:09] [%emt 00:03:22]} 18.
Bxe7 {[%clk 00:53:57] [%emt 00:01:26]} Rxe7 {[%clk 00:47:31] [%emt 00:00:07]}
19. Rb4 {[%clk 00:54:00] [%emt 00:00:27]} Qc6 {[%clk 00:41:52] [%emt 00:06:08]}
20. Ne1 {[%clk 00:51:44] [%emt 00:02:47]} a5 {[%clk 00:41:45] [%emt 00:00:36]}
21. Rb2 {[%clk 00:47:42] [%emt 00:04:32]} Ba6 {[%clk 00:35:27] [%emt 00:06:49]}
22. Qc3 {[%clk 00:44:02] [%emt 00:04:10]} Ra8 {[%clk 00:30:43] [%emt 00:05:15]}
23. Bf3 {[%clk 00:41:28] [%emt 00:03:04]} Nd5 {[%clk 00:30:34] [%emt 00:00:39]}
24. Bxd5 {[%clk 00:41:10] [%emt 00:00:48]} Qxd5 {[%clk 00:24:40] [%emt
00:06:23]} 25. Nc2 {[%clk 00:41:31] [%emt 00:00:10]} Rd7 {[%clk 00:23:50] [%emt
00:01:20]} 26. Ne3 {[%clk 00:32:04] [%emt 00:09:57]} Qc6 {[%clk 00:24:15] [%emt
00:00:05]} 27. Rbd2 {[%clk 00:32:02] [%emt 00:00:32]} Rad8 {[%clk 00:24:08]
[%emt 00:00:36]} 28. Qxa5 {[%clk 00:28:16] [%emt 00:04:17]} c3 {[%clk 00:23:46]
[%emt 00:00:51]} 29. Rc2 {[%clk 00:28:29] [%emt 00:00:18]} Rxd4 {[%clk 00:24:09]
[%emt 00:00:07]} 30. Rxd4 {[%clk 00:28:43] [%emt 00:00:16]} Rxd4 {[%clk
00:24:34] [%emt 00:00:05]} 31. Rxc3 {[%clk 00:28:15] [%emt 00:00:59]} Qb6 {[%clk
00:22:24] [%emt 00:02:39]} 32. Qxb6 {[%clk 00:26:53] [%emt 00:01:52]} cxb6
{[%clk 00:22:47] [%emt 00:00:06]} 33. Rc6 {[%clk 00:25:35] [%emt 00:01:48]} Ra4
{[%clk 00:21:32] [%emt 00:01:46]} 34. Rxb6 {[%clk 00:26:01] [%emt 00:00:05]}
Rxa3 {[%clk 00:21:56] [%emt 00:00:06]} 35. Rb2 {[%clk 00:26:28] [%emt 00:00:03]}
g5 {[%clk 00:21:43] [%emt 00:00:43]} 36. g3 {[%clk 00:25:19] [%emt 00:01:40]}
Ra5 {[%clk 00:20:18] [%emt 00:01:54]} 37. f4 {[%clk 00:20:02] [%emt 00:05:47]}
Ra4 {[%clk 00:20:40] [%emt 00:00:07]} 38. Ng4 {[%clk 00:11:36] [%emt 00:08:56]}
Kg7 {[%clk 00:19:47] [%emt 00:01:23]} 39. Nf6 {[%clk 00:11:00] [%emt 00:01:06]}
gxf4 {[%clk 00:16:31] [%emt 00:03:46]} 40. Rb8 {[%clk 00:08:52] [%emt 00:02:39]}
Kg6 {[%clk 00:16:54] [%emt 00:00:06]} 41. g4 {[%clk 00:09:12] [%emt 00:00:11]}
Kg5 {[%clk 00:17:19] [%emt 00:00:05]} 42. Rg8+ {[%clk 00:08:20] [%emt 00:01:22]}
Kh4 {[%clk 00:17:42] [%emt 00:00:07]} 43. Rh8 {[%clk 00:30:02] [%emt 00:08:47]}
Kg5 {[%clk 00:46:52] [%emt 00:01:20]} 44. Rg8+ {[%clk 00:29:43] [%emt 00:00:49]}
Kh4 {[%clk 00:42:17] [%emt 00:05:05]} 45. Rh8 {[%clk 00:28:53] [%emt 00:01:21]}
f3 {[%clk 00:40:19] [%emt 00:02:28]} 46. Kf2 {[%clk 00:17:10] [%emt 00:12:13]}
Bb7 {[%clk 00:39:34] [%emt 00:01:14]} 47. Rxh6+ {[%clk 00:14:59] [%emt
00:02:42]} Kg5 {[%clk 00:39:52] [%emt 00:00:11]} 48. Rh7 {[%clk 00:15:16] [%emt
00:00:14]} Rxa2+ {[%clk 00:39:31] [%emt 00:00:50]} 49. Ke3 {[%clk 00:15:39]
[%emt 00:00:07]} Re2+ {[%clk 00:31:03] [%emt 00:08:58]} 50. Kd4 {[%clk 00:15:47]
[%emt 00:00:22]} f2 {[%clk 00:30:07] [%emt 00:01:26]} 51. Rg7+ {[%clk 00:15:48]
[%emt 00:00:29]} Kh4 {[%clk 00:28:02] [%emt 00:02:34]} 52. Rh7 {[%clk 00:16:13]
[%emt 00:00:06]} Kg5 {[%clk 00:28:27] [%emt 00:00:04]} 53. Rg7+ {[%clk 00:16:40]
[%emt 00:00:04]} Kf4 {[%clk 00:20:16] [%emt 00:08:41]} 54. Nh5 {[%clk 00:17:03]
[%emt 00:00:06]} Kf3 {[%clk 00:20:41] [%emt 00:00:05]} 55. Rxf7+ {[%clk
00:13:11] [%emt 00:04:22]} Kxg4 {[%clk 00:21:00] [%emt 00:00:10]} 56. Ng3 {[%clk
00:13:25] [%emt 00:00:17]} Bf3 {[%clk 00:21:26] [%emt 00:00:04]} 57. Nf1 {[%clk
00:05:10] [%emt 00:08:44]} Re4+ {[%clk 00:15:11] [%emt 00:06:45]} 58. Kc5 {[%clk
00:04:35] [%emt 00:01:05]} Rxe5+ {[%clk 00:14:49] [%emt 00:00:53]} 59. Kd6
{[%clk 00:05:04] [%emt 00:00:01]} Re1 {[%clk 00:14:37] [%emt 00:00:42]} 60. Rg7+
{[%clk 00:04:30] [%emt 00:01:04]} Kf5 {[%clk 00:12:21] [%emt 00:02:46]} 61. Rf7+
{[%clk 00:03:26] [%emt 00:01:34]} Kg6 {[%clk 00:11:08] [%emt 00:01:43]} 62. Rxf3
{[%clk 00:03:52] [%emt 00:00:04]} Rxf1 {[%clk 00:11:33] [%emt 00:00:04]} 63. Ke7
{[%clk 00:04:19] [%emt 00:00:02]} Kg5 {[%clk 00:11:13] [%emt 00:00:51]} 64. Rf8
{[%clk 00:04:24] [%emt 00:00:25]} Kg4 {[%clk 00:11:17] [%emt 00:00:25]} 65. Rf6
{[%clk 00:04:36] [%emt 00:00:18]} Kh3 {[%clk 00:11:33] [%emt 00:00:14]} 66. Kf7
{[%clk 00:04:34] [%emt 00:00:33]} e5 {[%clk 00:11:40] [%emt 00:00:23]} 67. Ke6
{[%clk 00:04:52] [%emt 00:00:12]} Kg2 {[%clk 00:10:56] [%emt 00:01:14]} 68. Rg6+
{[%clk 00:05:19] [%emt 00:00:04]} Kxh2 {[%clk 00:11:20] [%emt 00:00:06]} 69. Rf6
{[%clk 00:05:41] [%emt 00:00:08]} Kg3 {[%clk 00:11:30] [%emt 00:00:20]} 70. Rg6+
{[%clk 00:06:05] [%emt 00:00:06]} Kf3 {[%clk 00:11:45] [%emt 00:00:15]} 71. Rf6+
{[%clk 00:06:15] [%emt 00:00:21]} Ke2 {[%clk 00:12:00] [%emt 00:00:14]} 72. Kxe5
{[%clk 00:06:24] [%emt 00:00:21]} Re1 {[%clk 00:12:25] [%emt 00:00:05]} 0-1

[Site "Europe Echecs"]

[Event "Grand Swiss - Femmes"]
[Date "2025.09.05"]
[White "Tokhirjonova, Gulrukhbegim"]
[Black "Yip, Carissa"]
[WhiteElo "2372"]
[BlackElo "2458"]
[Round "2.2.27"]
[Result "0-1"]

1. d4 {[%clk 01:30:56] [%emt 00:00:03]} Nf6 {[%clk 01:30:27] [%emt 00:00:33]} 2.
c4 {[%clk 01:31:14] [%emt 00:00:11]} e6 {[%clk 01:30:44] [%emt 00:00:14]} 3. Nc3
{[%clk 01:31:29] [%emt 00:00:15]} d5 {[%clk 01:31:01] [%emt 00:00:13]} 4. cxd5
{[%clk 01:31:43] [%emt 00:00:16]} exd5 {[%clk 01:31:23] [%emt 00:00:09]} 5. Bg5
{[%clk 01:32:01] [%emt 00:00:12]} Bb4 {[%clk 01:31:38] [%emt 00:00:14]} 6. e3
{[%clk 01:31:23] [%emt 00:01:07]} h6 {[%clk 01:32:02] [%emt 00:00:07]} 7. Bh4
{[%clk 01:31:41] [%emt 00:00:12]} g5 {[%clk 01:32:17] [%emt 00:00:15]} 8. Bg3
{[%clk 01:31:57] [%emt 00:00:14]} h5 {[%clk 01:31:42] [%emt 00:01:06]} 9. Qb3
{[%clk 01:29:44] [%emt 00:02:43]} Nc6 {[%clk 01:29:57] [%emt 00:02:15]} 10. Bb5
{[%clk 01:18:40] [%emt 00:11:33]} Bd7 {[%clk 01:29:32] [%emt 00:00:56]} 11. Nge2
{[%clk 01:09:13] [%emt 00:09:56]} h4 {[%clk 01:26:37] [%emt 00:03:26]} 12. Be5
{[%clk 01:04:27] [%emt 00:05:15]} a6 {[%clk 01:06:09] [%emt 00:20:59]} 13. Bxc6
{[%clk 01:02:16] [%emt 00:02:41]} Bxc3+ {[%clk 01:06:30] [%emt 00:00:09]} 14.
Nxc3 {[%clk 01:02:25] [%emt 00:00:20]} Bxc6 {[%clk 01:06:34] [%emt 00:00:27]}
15. h3 {[%clk 00:48:18] [%emt 00:14:37]} Rh6 {[%clk 00:50:52] [%emt 00:16:12]}
16. f3 {[%clk 00:34:40] [%emt 00:14:09]} Nd7 {[%clk 00:40:20] [%emt 00:11:02]}
17. Bh2 {[%clk 00:31:05] [%emt 00:04:04]} Qe7 {[%clk 00:35:39] [%emt 00:05:11]}
18. O-O-O {[%clk 00:26:46] [%emt 00:04:48]} Nb6 {[%clk 00:28:37] [%emt
00:07:33]} 19. e4 {[%clk 00:24:11] [%emt 00:03:05]} O-O-O {[%clk 00:28:19] [%emt
00:00:48]} 20. Rhe1 {[%clk 00:22:40] [%emt 00:02:01]} Qd7 {[%clk 00:28:45] [%emt
00:00:04]} 21. Kb1 {[%clk 00:21:43] [%emt 00:01:27]} Re6 {[%clk 00:27:16] [%emt
00:01:58]} 22. Qc2 {[%clk 00:21:11] [%emt 00:01:03]} Rde8 {[%clk 00:24:16] [%emt
00:03:31]} 23. Qc1 {[%clk 00:15:30] [%emt 00:06:10]} f6 {[%clk 00:22:41] [%emt
00:02:05]} 24. e5 {[%clk 00:15:31] [%emt 00:00:30]} fxe5 {[%clk 00:20:31] [%emt
00:02:39]} 25. dxe5 {[%clk 00:15:26] [%emt 00:00:35]} Nc4 {[%clk 00:18:27] [%emt
00:02:34]} 26. Qxg5 {[%clk 00:12:28] [%emt 00:03:29]} Qh7+ {[%clk 00:17:45]
[%emt 00:01:11]} 27. Ka1 {[%clk 00:12:03] [%emt 00:00:55]} Rg8 {[%clk 00:17:44]
[%emt 00:00:32]} 28. Qc1 {[%clk 00:11:36] [%emt 00:00:57]} Rxg2 {[%clk 00:17:43]
[%emt 00:00:30]} 29. Re2 {[%clk 00:11:56] [%emt 00:00:10]} Reg6 {[%clk 00:12:06]
[%emt 00:06:07]} 30. Qf4 {[%clk 00:10:04] [%emt 00:02:23]} Qe7 {[%clk 00:09:53]
[%emt 00:02:43]} 31. Rde1 {[%clk 00:05:51] [%emt 00:04:42]} b5 {[%clk 00:04:46]
[%emt 00:05:36]} 32. Qd4 {[%clk 00:05:04] [%emt 00:01:17]} Qe6 {[%clk 00:04:30]
[%emt 00:00:47]} 33. Qxh4 {[%clk 00:05:10] [%emt 00:00:23]} b4 {[%clk 00:04:23]
[%emt 00:00:38]} 34. Nb1 {[%clk 00:05:29] [%emt 00:00:11]} Bb5 {[%clk 00:04:36]
[%emt 00:00:17]} 35. Qf4 {[%clk 00:01:07] [%emt 00:04:52]} d4 {[%clk 00:01:51]
[%emt 00:03:15]} 36. Qxd4 {[%clk 00:00:58] [%emt 00:00:39]} Na3 {[%clk 00:02:13]
[%emt 00:00:07]} 37. Qxb4 {[%clk 00:00:32] [%emt 00:00:57]} Bxe2 {[%clk
00:02:12] [%emt 00:00:31]} 38. Qxa3 {[%clk 00:00:40] [%emt 00:00:22]} Rxh2
{[%clk 00:02:25] [%emt 00:00:17]} 39. Qf8+ {[%clk 00:01:00] [%emt 00:00:11]} Kb7
{[%clk 00:02:49] [%emt 00:00:05]} 40. Qf4 {[%clk 00:01:15] [%emt 00:00:16]} Rgg2
{[%clk 00:02:40] [%emt 00:00:38]} 41. Nc3 {[%clk 00:28:14] [%emt 00:03:32]} Bb5
{[%clk 00:30:19] [%emt 00:02:51]} 42. Rb1 {[%clk 00:21:17] [%emt 00:07:26]} Qc4
{[%clk 00:28:17] [%emt 00:02:32]} 43. Ne4 {[%clk 00:21:15] [%emt 00:00:32]} Rxb2
{[%clk 00:23:04] [%emt 00:05:43]} 44. Rxb2 {[%clk 00:12:48] [%emt 00:08:58]}
Rh1+ {[%clk 00:23:27] [%emt 00:00:06]} 45. Rb1 {[%clk 00:12:58] [%emt 00:00:21]}
Qd4+ {[%clk 00:23:53] [%emt 00:00:03]} 0-1

[Site "Europe Echecs"]